Sartre en la encrucijada: los póstumos de los años 40
Enregistré dans:
| Auteur principal: | |
|---|---|
| Format: | Livre |
| Langue: | espagnol |
| Publié: |
Madrid
Biblioteca Nueva
2005
|
| Collection: | Razón y Sociedad
|
| Sujets: | |
| Tags: |
Ajouter un tag
Pas de tags, Soyez le premier à ajouter un tag!
|
MARC
| LEADER | 00000nam a2200000 a 4500 | ||
|---|---|---|---|
| 001 | UCI0903 | ||
| 003 | CL-VaPUC | ||
| 008 | 070601e20050000SP |||||||||||||||||spa|d | ||
| 020 | |a 8497423259 | ||
| 082 | 0 | 4 | |a 194 |b ARA |2 21 |
| 100 | 0 | |a Aragués, Juan Manuel |e author |9 521096 | |
| 245 | 1 | 0 | |a Sartre en la encrucijada: los póstumos de los años 40 |
| 300 | |a 195 p | ||
| 942 | |c BK | ||
| 945 | |d 20070601 00:00:00 |a jtorresc | ||
| 260 | |a Madrid |b Biblioteca Nueva |c 2005 | ||
| 600 | 0 | 7 | |a SARTRE, JEAN-PAUL |2 CL-VaPUC |9 269377 |
| 650 | 0 | |a Crítica e interpretación |9 255042 | |
| 650 | 0 | |a Vida y obra |9 311871 | |
| 650 | 0 | |a Fenomenología |9 256519 | |
| 650 | 7 | |a MARXISMO |2 CL-VaPUC |9 521097 | |
| 583 | |a last modification |c 20170518 11:35:34 |k Rodrigo Vera | ||
| 490 | 0 | |a Razón y Sociedad | |
| 999 | |c 325874 |d 325872 | ||
| 952 | |0 0 |1 0 |4 0 |6 194_000000000000000_ARA_2005 |7 0 |8 A |9 407337 |a BIBEDU |b BIBEDU |d 2019-11-22 |i 4297814 |o 194 ARA 2005 |p 4297814 |r 2019-11-22 |w 2019-11-22 |y BK |k FIL | ||